00588nam a2200205Ia 4500008004100000020002100041100002000062245002400082245005700106260001500163260002000178260000900198300001700207300002100224300001100245440003800256440001000294500006900304700000900373160803s9999 xx 000 0 und d a 978-0061146312 aSnicket, Lemony 4aThe reptile room /  cby Lemony Snicket ; illustrations by Brett Helquist. aNew York : bScholastic Inc. c2000 a190 pages :  billustrations ;  c20 cm. aA series of unfortunate events ;  vbk. 2 aOriginally published: New York : HarperCollins Publishers, 1999. a1040